Business law / (Record no. 74548)

MARC details
000 -LEADER
fixed length control field 00674nam a22002177a 4500
005 - DATE AND TIME OF LATEST TRANSACTION
control field 20130415145829.0
008 - FIXED-LENGTH DATA ELEMENTS--GENERAL INFORMATION
fixed length control field 130415b xxu||||| |||| 00| 0 eng d
010 ## - LCCN (DPL NO)
LC control number ENG-106866
020 ## - INTERNATIONAL STANDARD BOOK NUMBER
International Standard Book Number 9788120347083
Terms of availability 350.00
035 ## - SYSTEM CONTROL NUMBER
System control number EN-90399
037 ## - SOURCE OF ACQUISITION
Source of stock number/acquisition DBAD/PUB
040 ## - CATALOGING SOURCE
Original cataloging agency DPL
Language of cataloging Eng
082 ## - DEWEY DECIMAL CLASSIFICATION NUMBER
Classification number 346.07
100 ## - MAIN ENTRY--PERSONAL NAME
Personal name Rao, Peddina Mohana
245 ## - TITLE STATEMENT
Title Business law /
Statement of responsibility, etc by Peddina Mohana Rao
260 ## - PUBLICATION, DISTRIBUTION, ETC. (IMPRINT)
Place of publication, distribution, etc Delhi
Name of publisher, distributor, etc PHI Learning
Date of publication, distribution, etc 2013
270 ## - ADDRESS
Address Rimjhim House, 111, Patparganj Industrial Estate
City Delhi
Postal code 110092
300 ## - PHYSICAL DESCRIPTION
Extent xxiii,479p.
Dimensions 24cm (pbk)
500 ## - GENERAL NOTE
General note Includes bibliographical references and index
942 ## - ADDED ENTRY ELEMENTS (KOHA)
Source of classification or shelving scheme Dewey Decimal Classification
Item type English Books
Call number suffix RAO
Classification part 346.07
Holdings
Withdrawn status Lost status Source of classification or shelving scheme Damaged status Not for loan Collection code Home library Current library Date acquired Source of acquisition Cost, normal purchase price Total Checkouts Full call number Barcode Date last seen Copy number Cost, replacement price Koha item type
    Dewey Decimal Classification   Not For Loan Non-fiction D.B.Act.Division D.B.Act.Division 15/04/2013 DBAD/PUB 350.00   346.07 RAO EN-90399 15/04/2013 1 350.00 English Books

© Delhi Public Library
Hit Counter
free hit counter